Statistics for UK electoral systems

Click here to take the quiz!

General Stats

  • This quiz has been taken 4 times
  • The average score is 9 of 14

Answer Stats

HintAnswer% Correct
How many seats did UKIP get in the 2015 election?1
100%
What % of the vote did the Lib Dems get in the 2015 election?8%
100%
How many seats did the Lib Dems get in the 2015 election?8
100%
What % of the vote did UKIP get in the 2015 election?13%
67%
When was the coalition government?2010-2015
67%
What % of the vote did the Labour Party get in 2015?30%
67%
What is the total number of MPs in the UK?650
67%
What was the average turnout in the 2019 election?67%
67%
What seat majority did the Conservative party win by in 2019?80
67%
When was the 2019 election?12th of December
33%
When were all the votes in the 2019 election counted by?13th of December
33%
In 2019, what number of MPs were elected on less than 50% of their constituencies' votes?229
33%
How many seats did the Labour party get in the 2015 election?232
33%
What number of votes were estimated to be wasted because they went to a candidate that didn't get elected in 2019?2.6 million
33%

Score Distribution

Percentile by Number Answered

Percent of People with Each Score

Your Score History

You have not taken this quiz